000 00766nam a2200229Ii 4500
003 JO-AjNU
008 230605s9999||||xx |||||||||||||| ||und||
017 _a2004/5839
020 _a977-270-842-6
040 _aJO-AjNU
_bara
_erda
_cJO-AjNU
041 _aara
050 1 4 _aPN145.I338 2004
100 3 _aعيد،حسين,
_eauthor
_924515
245 0 0 _aسحر الإبداع: مع كتاب عرب وأجانب
250 _aط1
264 3 1 _aالقاهرة: الدار المصرية اللبنانية، 2004
300 _a239ص
336 _atext
_btxt
_2rdacontent
337 _aunmediated
_bn
_2rdamedia
338 _avolume
_bnc
_2rdacarrier
650 4 _aالأدب العربي - الأدب الأجنبي - تاريخ ونقد - إبداعات
_924516
999 _aA9040
_c12608
_d12608